History Quiz

Random History or Year Quiz

This Day in History: July Quiz Stats

 Plays Quiz Updated Nov 27, 2015

Challenge
Share
Tweet
Embed
Score 0/31 Timer 07:00
1 Play Today
Day Answer % Correct
July 6Anne Frank
93.4%
July 5Dolly the Sheep
91.7%
July 21Neil Armstrong
88.9%
July 7Hoover Dam
88.1%
July 1Hong Kong
87.6%
July 4Declaration of Independence
82.4%
July 15China
78.2%
July 29Spain
78.1%
July 2Amelia Earhart
77.2%
July 9South Vietnam
75.1%
July 14The Bastille
74.3%
July 18Nero
71.3%
July 19Rosetta Stone
65.8%
July 11Aaron Burr
61.4%
July 25Benito Mussolini
61.2%
July 24Machu Picchu
59.5%
Day Answer % Correct
July 8Kim Il Sung
56.5%
July 16Romanov
55.5%
July 13Philadelphia and London
53.3%
July 20Sitting Bull
49.9%
July 12Boris Yeltsin
49.8%
July 28Serbia
49.2%
July 23Sarajevo
47.3%
July 10Bahamas
47.1%
July 30Cyprus
39.9%
July 31Jesuit
38.6%
July 26Suez Canal
38.1%
July 27Maximilien Robespierre
34.8%
July 3Pickett's Charge
28.3%
July 17Potsdam
26.2%
July 22Deng Xiaoping
14.1%

You're not logged in!

Compare scores with friends on all Sporcle quizzes.
OR
Log In

You Might Also Like...

Show Comments

Extras

Top Quizzes Today


Score Distribution

Your Account Isn't Verified!

In order to create a playlist on Sporcle, you need to verify the email address you used during registration. Go to your Sporcle Settings to finish the process.

Report this User

Report this user for behavior that violates our Community Guidelines.

Details: